[Event "NIC Classic KO 2021"]
[Site "chess24.com INT"]
[Date "2021.04.27"]
[Round "1.11"]
[White "Carlsen, Magnus"]
[Black "Radjabov, Teimour"]
[Result "1/2-1/2"]
[WhiteTitle "GM"]
[BlackTitle "GM"]
[WhiteElo "2847"]
[BlackElo "2765"]
[WhiteFideId "1503014"]
[BlackFideId "13400924"]
[EventDate "2021.04.27"]

1. d4 Nf6 2. c4 e6 3. Nf3 d5 4. Nc3 Be7 5. Bg5 h6 6. Bxf6 Bxf6 7. e3 c6 8. Rc1
Nd7 9. h4 g6 10. Bd3 Bg7 11. cxd5 exd5 12. b4 a6 13. h5 g5 14. Ne2 Qe7 15. a3
Nf6 16. Ne5 Ng4 17. Nxg4 Bxg4 18. Qc2 O-O 19. Bf5 Bxf5 20. Qxf5 a5 21. O-O axb4
22. axb4 Qxb4 23. Rb1 Qe7 24. Rb6 Ra7 25. Rfb1 Rd8 26. Ng3 Qc7 27. Qc2 Rda8 28.
Nf5 Ra1 29. Qb2 Rxb1+ 30. Qxb1 Ra7 31. g4 Bf8 32. Kg2 Qd7 33. Kf3 Qc8 34. Kg2
Qd7 35. Kf3 Qc8 36. Kg2 Qd7 1/2-1/2

[Event "NIC Classic KO 2021"]
[Site "chess24.com INT"]
[Date "2021.04.27"]
[Round "1.11"]
[White "So, Wesley"]
[Black "Aronian, Levon"]
[Result "0-1"]
[WhiteTitle "GM"]
[BlackTitle "GM"]
[WhiteElo "2770"]
[BlackElo "2781"]
[WhiteFideId "5202213"]
[BlackFideId "13300474"]
[EventDate "2021.04.27"]

1. d4 Nf6 2. Nf3 d5 3. Bf4 c5 4. e3 Nc6 5. Nbd2 cxd4 6. exd4 a6 7. c3 Bg4 8. Qb3
Na5 9. Qc2 e6 10. Bd3 Be7 11. Ne5 Bh5 12. O-O O-O 13. Rfe1 Rc8 14. Bg5 Nc6 15.
Bxf6 Bxf6 16. Bxh7+ Kh8 17. Bd3 Nxd4 18. Qa4 Nc6 19. Nxc6 Rxc6 20. Re2 Bxe2 21.
Bxe2 g6 22. Nf3 Kg7 23. h4 e5 24. Rd1 e4 25. Nd2 Qb6 0-1

[Event "NIC Classic KO 2021"]
[Site "chess24.com INT"]
[Date "2021.04.27"]
[Round "1.12"]
[White "Radjabov, Teimour"]
[Black "Carlsen, Magnus"]
[Result "1/2-1/2"]
[WhiteTitle "GM"]
[BlackTitle "GM"]
[WhiteElo "2765"]
[BlackElo "2847"]
[WhiteFideId "13400924"]
[BlackFideId "1503014"]
[EventDate "2021.04.27"]

1. d4 Nf6 2. c4 e6 3. Nf3 d5 4. Nc3 c5 5. cxd5 cxd4 6. Qxd4 exd5 7. e4 dxe4 8.
Qxd8+ Kxd8 9. Ng5 Be6 10. Nxe6+ fxe6 11. Bg5 h6 12. O-O-O+ Ke7 13. Bxf6+ gxf6
14. Nxe4 f5 15. Nc5 Kf6 16. Rd8 Bg7 17. Rxh8 Bxh8 18. Bc4 Nc6 19. Nxe6 Ne5 20.
Bd5 Nd3+ 21. Kd2 Nb4 22. Bxb7 Rb8 23. Nc5 Rd8+ 24. Kc3 a5 25. a3 Kg6+ 26. Kb3
Nd3 27. Nxd3 Rxd3+ 28. Kc4 Rd7 29. Bc6 Rc7 30. Kb5 Bxb2 31. a4 Rc8 32. Rd1 Bc3
33. f4 Rb8+ 34. Kc4 Bb4 35. Rd5 Rf8 36. Bd7 h5 37. g3 Be1 38. Rd6+ Kg7 39. Rd1
Bb4 40. Rd5 Kg6 41. Kd4 Be1 42. Rd6+ Kg7 43. Re6 Bb4 44. Be8 h4 45. gxh4 Rf6 46.
Kd5 Bd2 47. Rxf6 Kxf6 48. Bh5 Bxf4 49. Bf3 Bxh2 50. Be2 Bg3 51. h5 Be1 52. Bf3
Bb4 53. Bd1 Bd2 54. Bf3 Bb4 55. Bd1 Bd2 56. Bf3 Bb4 1/2-1/2

[Event "NIC Classic KO 2021"]
[Site "chess24.com INT"]
[Date "2021.04.27"]
[Round "1.12"]
[White "Aronian, Levon"]
[Black "So, Wesley"]
[Result "1-0"]
[WhiteTitle "GM"]
[BlackTitle "GM"]
[WhiteElo "2781"]
[BlackElo "2770"]
[WhiteFideId "13300474"]
[BlackFideId "5202213"]
[EventDate "2021.04.27"]

1. d4 d5 2. Nf3 Nf6 3. Bf4 c5 4. e3 Nc6 5. Nbd2 Qb6 6. dxc5 Qxb2 7. Rb1 Qc3 8.
Bb5 g6 9. e4 Bg7 10. Be5 Qa5 11. exd5 a6 12. Bxc6+ bxc6 13. d6 O-O 14. dxe7 Re8
15. O-O Qxc5 16. Re1 Bf5 17. Bd4 Qd5 18. Rb3 c5 19. Re5 Qd7 20. Bxc5 Ne4 21. Rd3
Qb7 22. Nxe4 Bxe5 23. Nxe5 Qxe4 24. Rd8 Kg7 25. f3 Qxc2 26. Qd4 f6 27. Rxa8 Rxa8
28. Nc4 Qb1+ 29. Kf2 Qxa2+ 30. Kg3 Qe2 31. Qd8 Qe1+ 32. Bf2 Qc1 33. e8=N+ Kh6
34. Qxf6 Rxe8 35. Nd6 Qc7 36. Bb6 Qb8 37. Bd4 1-0

[Event "NIC Classic KO 2021"]
[Site "chess24.com INT"]
[Date "2021.04.27"]
[Round "1.13"]
[White "Carlsen, Magnus"]
[Black "Radjabov, Teimour"]
[Result "1/2-1/2"]
[WhiteTitle "GM"]
[BlackTitle "GM"]
[WhiteElo "2847"]
[BlackElo "2765"]
[WhiteFideId "1503014"]
[BlackFideId "13400924"]
[EventDate "2021.04.27"]

1. e4 e5 2. Nf3 Nc6 3. Bb5 Nf6 4. d3 Bc5 5. c3 O-O 6. O-O d6 7. h3 Ne7 8. d4 Bb6
9. Re1 Ng6 10. Nbd2 c6 11. Bf1 Re8 12. Qc2 Bc7 13. dxe5 Nxe5 14. Nxe5 dxe5 15.
a4 Nh5 16. Nc4 Be6 17. Be3 Nf4 18. Qd1 Qf6 19. Kh2 Rad8 20. Qf3 Nd3 21. Qxf6
gxf6 22. Bxd3 Rxd3 23. Nd2 Red8 24. Nf1 a5 25. g4 Bb3 26. Ra3 Be6 27. Raa1 Bb3
28. Ra3 Be6 29. Raa1 Bb3 1/2-1/2

[Event "NIC Classic KO 2021"]
[Site "chess24.com INT"]
[Date "2021.04.27"]
[Round "1.13"]
[White "So, Wesley"]
[Black "Aronian, Levon"]
[Result "1-0"]
[WhiteTitle "GM"]
[BlackTitle "GM"]
[WhiteElo "2770"]
[BlackElo "2781"]
[WhiteFideId "5202213"]
[BlackFideId "13300474"]
[EventDate "2021.04.27"]

1. c4 Nf6 2. Nc3 e6 3. e4 d5 4. cxd5 exd5 5. e5 Ne4 6. Nf3 Bf5 7. d3 Nxc3 8.
bxc3 c5 9. d4 Qa5 10. Bd2 Nc6 11. c4 Qd8 12. Qb3 Be4 13. Qxb7 Rc8 14. cxd5 Bxd5
15. e6 Be7 16. exf7+ Kf8 17. Qa6 Nxd4 18. Nxd4 cxd4 19. Bb5 Rc2 20. Ba5 Qc8 21.
Qxc8+ Rxc8 22. O-O Kxf7 23. a4 a6 24. Bd7 Rc4 25. Bf5 Bb4 26. Bxb4 Rxb4 27. Bd3
Bc4 28. Rab1 Rxa4 29. Rb7+ Kf6 30. Rb6+ Ke5 31. Re1+ Kd5 32. Be4+ Kc5 33. Rc6+
Kb5 34. Rc7 Rb4 35. Rc1 Be2 36. f3 Rb8 37. Kf2 d3 38. R7c5+ Kb6 39. Rc6+ Ka5 40.
Ra1+ Kb5 41. Rcxa6 Rb2 42. Ke3 Bf1 43. Bc6+ Kc4 44. Rxf1 Re2+ 45. Kf4 Rxg2 46.
Rc1+ Rc2 47. Raa1 Kd4 48. Rxc2 dxc2 49. Be4 Rf8+ 50. Kg3 Ke3 51. Rc1 Rxf3+ 52.
Bxf3 Kd2 53. Rxc2+ Kxc2 54. Be4+ Kc3 55. Bxh7 Kd4 56. Kf4 1-0

[Event "NIC Classic KO 2021"]
[Site "chess24.com INT"]
[Date "2021.04.27"]
[Round "1.14"]
[White "Radjabov, Teimour"]
[Black "Carlsen, Magnus"]
[Result "1/2-1/2"]
[WhiteTitle "GM"]
[BlackTitle "GM"]
[WhiteElo "2765"]
[BlackElo "2847"]
[WhiteFideId "13400924"]
[BlackFideId "1503014"]
[EventDate "2021.04.27"]

1. d4 Nf6 2. c4 e6 3. Nf3 d5 4. Nc3 Nbd7 5. Bf4 dxc4 6. e3 a6 7. a4 Bd6 8. Bxd6
cxd6 9. Bxc4 O-O 10. O-O b6 11. e4 Bb7 12. Bd3 e5 13. Re1 Re8 14. Bc4 exd4 15.
Qxd4 Ne5 16. Nxe5 dxe5 17. Qe3 Qd4 18. Qe2 Qc5 19. Rac1 Qb4 20. b3 Red8 21. f3
h6 22. Qe3 Rd4 23. Ne2 Rd7 24. Red1 Rad8 25. Rxd7 Rxd7 26. Qc3 Qc5+ 27. Kf1 Qd6
28. Qe3 Qb4 29. Qc3 Qd6 30. Qe3 Qb4 31. Qc3 Qd6 1/2-1/2

[Event "NIC Classic KO 2021"]
[Site "chess24.com INT"]
[Date "2021.04.27"]
[Round "1.14"]
[White "Aronian, Levon"]
[Black "So, Wesley"]
[Result "1-0"]
[WhiteTitle "GM"]
[BlackTitle "GM"]
[WhiteElo "2781"]
[BlackElo "2770"]
[WhiteFideId "13300474"]
[BlackFideId "5202213"]
[EventDate "2021.04.27"]

1. d4 Nf6 2. Nf3 d5 3. c4 e6 4. Nc3 c6 5. e3 Nbd7 6. Qc2 Bd6 7. Bd3 dxc4 8. Bxc4
b5 9. Be2 O-O 10. O-O Bb7 11. Rd1 Qc7 12. h3 b4 13. Na4 c5 14. dxc5 Rac8 15. a3
Nxc5 16. Nxc5 a5 17. axb4 axb4 18. Rxd6 Bxf3 19. Bxf3 Qxd6 20. Ne4 Rxc2 21. Nxd6
Rd8 22. b3 Kf8 23. Nc4 Rd3 24. Bb2 Rxb3 25. Bxf6 gxf6 26. Bd1 Rbc3 27. Bxc2 Rxc2
28. Na5 1-0

[Event "NIC Classic KO 2021"]
[Site "chess24.com INT"]
[Date "2021.04.28"]
[Round "1.21"]
[White "Radjabov, Teimour"]
[Black "Carlsen, Magnus"]
[Result "1/2-1/2"]
[WhiteTitle "GM"]
[BlackTitle "GM"]
[WhiteElo "2765"]
[BlackElo "2847"]
[WhiteFideId "13400924"]
[BlackFideId "1503014"]
[EventDate "2021.04.27"]

1. d4 Nf6 2. c4 e6 3. Nf3 d5 4. Nc3 Bb4 5. Bg5 dxc4 6. e4 c5 7. Bxc4 cxd4 8.
Nxd4 Qa5 9. Bxf6 Bxc3+ 10. bxc3 Qxc3+ 11. Kf1 Qxc4+ 12. Kg1 Bd7 13. Rc1 Qb4 14.
Bxg7 Rg8 15. Bf6 Rg6 16. a3 Qd6 17. e5 Qd5 18. f3 Nc6 19. Nxc6 Qxd1+ 20. Rxd1
Bxc6 21. Kf2 Bd5 22. Rc1 Kd7 23. Rhd1 Rc8 24. Rxc8 Kxc8 25. Rd4 Rh6 26. Rh4 Rxh4
27. Bxh4 b5 28. Ke3 Kc7 29. Kd4 Kc6 30. Bd8 Bc4 31. Ba5 Bf1 32. g3 Be2 33. f4
Bg4 34. Bd8 h5 35. Ba5 Bf5 36. Bd8 a6 37. Ba5 Bg4 38. Bd8 Bf5 39. Ba5 Bg4 40.
Bd8 Bf5 1/2-1/2

[Event "NIC Classic KO 2021"]
[Site "chess24.com INT"]
[Date "2021.04.28"]
[Round "1.21"]
[White "Aronian, Levon"]
[Black "So, Wesley"]
[Result "1/2-1/2"]
[WhiteTitle "GM"]
[BlackTitle "GM"]
[WhiteElo "2781"]
[BlackElo "2770"]
[WhiteFideId "13300474"]
[BlackFideId "5202213"]
[EventDate "2021.04.27"]

1. d4 Nf6 2. Nf3 d5 3. Bf4 c5 4. e3 Nc6 5. Nbd2 Bg4 6. c3 e6 7. Qb3 Qc8 8. Nh4
Be7 9. h3 Bh5 10. g4 Bg6 11. Nxg6 hxg6 12. Be2 a6 13. h4 b5 14. g5 Nd7 15. Kf1
Na5 16. Qc2 cxd4 17. exd4 Qc6 18. h5 Bd6 19. Be3 gxh5 20. Rxh5 Rxh5 21. Bxh5 g6
22. Bf3 Ke7 23. a4 Nc4 24. axb5 axb5 25. Rxa8 Qxa8 26. Nxc4 bxc4 27. b3 Nb6 28.
Be2 Qh8 29. Ke1 Qc8 30. bxc4 Nxc4 31. Bxc4 Qxc4 32. Kd2 Kf8 33. Qb1 Kg7 34. Qb6
Qa2+ 35. Kd3 Bh2 36. Qd8 Qb1+ 37. Kd2 Qb2+ 38. Kd3 Qb1+ 39. Kd2 Qf5 40. Ke2 Qc2+
41. Bd2 Qe4+ 42. Be3 Qg4+ 43. Kd2 Qf3 44. Qe7 Qf5 45. Ke2 Kh7 46. Qf6 Qxf6 47.
gxf6 Kg8 48. Kd3 Kf8 49. c4 Ke8 50. f3 Kd7 51. Bg5 Kc6 52. Bd2 Bc7 53. Bg5 Bg3
54. Kc3 Bf2 55. Bf4 Bh4 56. Be5 dxc4 57. Kxc4 Bg5 58. Kc3 Kd5 59. Kd3 Bh4 60.
Kc3 Be1+ 61. Kd3 Ba5 62. Bf4 Bb6 63. Be5 Bd8 64. Kc3 Ba5+ 65. Kd3 Bb4 66. Bf4
Be1 67. Be5 Bf2 68. Kc3 Be1+ 69. Kd3 1/2-1/2

[Event "NIC Classic KO 2021"]
[Site "chess24.com INT"]
[Date "2021.04.28"]
[Round "1.22"]
[White "Carlsen, Magnus"]
[Black "Radjabov, Teimour"]
[Result "1-0"]
[WhiteTitle "GM"]
[BlackTitle "GM"]
[WhiteElo "2847"]
[BlackElo "2765"]
[WhiteFideId "1503014"]
[BlackFideId "13400924"]
[EventDate "2021.04.27"]

1. d4 Nf6 2. c4 e6 3. Nc3 Bb4 4. Qc2 d5 5. a3 Bxc3+ 6. Qxc3 c5 7. dxc5 d4 8. Qc2
e5 9. e3 Nc6 10. b4 O-O 11. Nf3 Re8 12. e4 a5 13. b5 Ne7 14. a4 Qc7 15. Ba3 Nd7
16. c6 bxc6 17. c5 Nf6 18. b6 Qb7 19. Bc4 Ng6 20. O-O Qd7 21. Ne1 Ba6 22. Bxa6
Rxa6 23. f3 Nf4 24. Rd1 Raa8 25. Bc1 N6h5 26. g3 Ng6 27. Nd3 Nf6 28. Bg5 h5 29.
Bxf6 gxf6 30. f4 exf4 31. Nxf4 Qg4 32. Rxd4 h4 33. Qd1 Qg5 34. Qh5 Qe5 35. Rd7
hxg3 36. hxg3 Qxe4 37. Nxg6 Qe3+ 38. Kh2 Qe2+ 39. Qxe2 Rxe2+ 40. Kh3 fxg6 41.
Rxf6 1-0

[Event "NIC Classic KO 2021"]
[Site "chess24.com INT"]
[Date "2021.04.28"]
[Round "1.22"]
[White "So, Wesley"]
[Black "Aronian, Levon"]
[Result "1/2-1/2"]
[WhiteTitle "GM"]
[BlackTitle "GM"]
[WhiteElo "2770"]
[BlackElo "2781"]
[WhiteFideId "5202213"]
[BlackFideId "13300474"]
[EventDate "2021.04.27"]

1. b3 d5 2. Bb2 Nf6 3. Nf3 Bg4 4. h3 Bxf3 5. exf3 e6 6. g3 g6 7. Bg2 Bg7 8. O-O
O-O 9. f4 c5 10. d3 Nc6 11. c4 Rc8 12. Nc3 dxc4 13. dxc4 Qe7 14. Bxc6 Rxc6 15.
Qe2 Rd8 16. Rad1 b6 17. Rxd8+ Qxd8 18. Rd1 Rd6 19. Rxd6 Qxd6 20. Nb5 Qd7 21. Qf3
Ne8 22. Bxg7 Kxg7 23. Qa8 Nc7 24. Nxc7 Qxc7 25. h4 h5 26. Qe4 Qd7 27. Qe5+ Kh7
28. Qb8 Kg7 29. Qe5+ Kh7 30. Qf6 Kg8 31. Qe5 Kh7 1/2-1/2

[Event "NIC Classic KO 2021"]
[Site "chess24.com INT"]
[Date "2021.04.28"]
[Round "1.23"]
[White "Radjabov, Teimour"]
[Black "Carlsen, Magnus"]
[Result "1/2-1/2"]
[WhiteTitle "GM"]
[BlackTitle "GM"]
[WhiteElo "2765"]
[BlackElo "2847"]
[WhiteFideId "13400924"]
[BlackFideId "1503014"]
[EventDate "2021.04.27"]

1. d4 Nf6 2. c4 e6 3. Nf3 d5 4. Nc3 a6 5. c5 b6 6. cxb6 cxb6 7. Bf4 Bd6 8. Bg3
Bb7 9. e3 Nc6 10. Bd3 O-O 11. Rc1 Rc8 12. Bh4 Be7 13. O-O Ne4 14. Bxe7 Nxe7 15.
Ne2 Rxc1 16. Qxc1 Qd6 17. Qb1 Rc8 18. a3 a5 19. Ng3 Nf6 20. Ne5 g6 21. Rc1 Rc7
22. Rc2 Nd7 23. f4 Nf6 24. Qc1 Rxc2 25. Qxc2 Qd8 26. Ne2 Nf5 27. Bxf5 exf5 28.
Nc3 Qc7 29. Qa4 Kf8 30. Qb5 Bc8 31. h3 Be6 32. Kh2 Kg7 33. Qc6 Qxc6 34. Nxc6 Ne8
35. b4 axb4 36. Nxb4 Nc7 37. Na4 Na8 38. Nc3 Nc7 39. Na4 Na8 40. Nc3 Nc7 1/2-1/2

[Event "NIC Classic KO 2021"]
[Site "chess24.com INT"]
[Date "2021.04.28"]
[Round "1.23"]
[White "Aronian, Levon"]
[Black "So, Wesley"]
[Result "1-0"]
[WhiteTitle "GM"]
[BlackTitle "GM"]
[WhiteElo "2781"]
[BlackElo "2770"]
[WhiteFideId "13300474"]
[BlackFideId "5202213"]
[EventDate "2021.04.27"]

1. d4 Nf6 2. Nf3 d5 3. Bf4 c5 4. e3 e6 5. c3 Bd6 6. Bb5+ Nc6 7. Bxc6+ bxc6 8.
Bxd6 Qxd6 9. Qa4 O-O 10. Qa3 Ne4 11. Nfd2 cxd4 12. Nxe4 Qxa3 13. Nxa3 dxe4 14.
cxd4 Rb8 15. b3 c5 16. dxc5 Ba6 17. Rc1 Rfd8 18. Nc4 Rd5 19. Nd6 f5 20. f3 Bd3
21. Kf2 Kf8 22. g4 Ke7 23. Rhg1 g6 24. Rg3 exf3 25. Rxf3 Ba6 26. e4 Rd2+ 27. Kg1
Rxa2 28. exf5 gxf5 29. gxf5 exf5 30. Re1+ Kd7 31. Nxf5 Kc6 32. Rc1 Rd2 33. Ne7+
Kd7 34. Re3 Rf8 35. Ra1 Rff2 36. Rxa6 Rg2+ 37. Kf1 Rxh2 38. Rxa7+ Ke8 39. Nc6+
Kf8 40. Rf3+ Kg8 41. Ne7+ Kg7 42. Nd5+ Kg8 43. Nf6+ Kh8 44. Rxh7+ Rxh7 45. Nxh7
Kxh7 46. Rg3 1-0

[Event "NIC Classic KO 2021"]
[Site "chess24.com INT"]
[Date "2021.04.28"]
[Round "1.24"]
[White "Carlsen, Magnus"]
[Black "Radjabov, Teimour"]
[Result "1/2-1/2"]
[WhiteTitle "GM"]
[BlackTitle "GM"]
[WhiteElo "2847"]
[BlackElo "2765"]
[WhiteFideId "1503014"]
[BlackFideId "13400924"]
[EventDate "2021.04.27"]

1. e4 c5 2. Nf3 Nc6 3. Nc3 Nf6 4. d4 cxd4 5. Nxd4 d6 6. Bg5 e6 7. Qd2 Be7 8.
O-O-O O-O 9. f4 Nxd4 10. Qxd4 h6 11. Bh4 Qa5 12. e5 dxe5 13. Qxe5 Qxe5 14. fxe5
Nd5 15. Bxe7 Nxe7 16. Bd3 Nc6 17. Rhe1 Rd8 18. Be4 Bd7 19. Nb5 Rab8 20. Bf3 Ne7
21. Nd6 Bc6 22. c4 Rd7 23. b4 b6 24. Kb2 Rbd8 25. Kc3 a5 26. bxa5 bxa5 27. Bxc6
Nxc6 28. c5 Nb4 29. Kc4 Nxa2 30. Ra1 Nb4 31. Rxa5 Nc6 32. Ra6 Rc7 33. Nb5 Rcc8
34. Nd6 Rc7 35. Nb5 Rcc8 36. Nd6 Rc7 1/2-1/2

[Event "NIC Classic KO 2021"]
[Site "chess24.com INT"]
[Date "2021.04.29"]
[Round "2.31"]
[White "Carlsen, Magnus"]
[Black "Aronian, Levon"]
[Result "1/2-1/2"]
[WhiteTitle "GM"]
[BlackTitle "GM"]
[WhiteElo "2847"]
[BlackElo "2781"]
[WhiteFideId "1503014"]
[BlackFideId "13300474"]
[EventDate "2021.04.27"]

1. e4 e5 2. Nf3 Nc6 3. Bc4 Bc5 4. d3 d6 5. O-O Qf6 6. c3 Nge7 7. b4 Bb6 8. a4 a6
9. Be3 Bxe3 10. fxe3 Qh6 11. Qe2 O-O 12. d4 g5 13. Nbd2 g4 14. Ne1 Kg7 15. Nd3
f5 16. exf5 Bxf5 17. d5 Bxd3 18. Qxd3 e4 19. Qxe4 Ne5 20. Be2 Nxd5 21. Qxd5
Qxe3+ 22. Kh1 Qxe2 23. Rfe1 Qf2 24. Ne4 Qf7 25. Qd4 Rae8 26. Ng3 Qg6 27. b5 h5
28. b6 cxb6 29. Ne4 Re6 30. Nxd6 Rxd6 31. Qxe5+ Kh7 32. Rad1 Rxd1 33. Rxd1 Rf7
34. Kg1 h4 35. Rf1 Rxf1+ 36. Kxf1 Qb1+ 37. Ke2 Qc2+ 38. Ke3 Qxg2 39. Qe7+ Kg6
40. Qe6+ Kg7 41. Qe7+ Kg6 42. Qe6+ Kg7 43. Qe7+ Kg6 1/2-1/2

[Event "NIC Classic KO 2021"]
[Site "chess24.com INT"]
[Date "2021.04.29"]
[Round "2.32"]
[White "Aronian, Levon"]
[Black "Carlsen, Magnus"]
[Result "1/2-1/2"]
[WhiteTitle "GM"]
[BlackTitle "GM"]
[WhiteElo "2781"]
[BlackElo "2847"]
[WhiteFideId "13300474"]
[BlackFideId "1503014"]
[EventDate "2021.04.27"]

1. d4 Nf6 2. Nf3 e6 3. Bf4 b6 4. e3 Bb7 5. Bd3 Be7 6. h3 c5 7. c3 cxd4 8. exd4
O-O 9. O-O d6 10. Re1 Nbd7 11. Bh2 Re8 12. a4 a6 13. Na3 Bf8 14. Nd2 e5 15. Bf1
exd4 16. Rxe8 Qxe8 17. cxd4 d5 18. Nc2 Rc8 19. Ne3 Qe6 20. Qb3 Bd6 21. Bxd6 Qxd6
22. g3 Nf8 23. h4 g6 24. Bh3 Rc7 25. Qa3 Qxa3 26. Rxa3 Bc8 27. Bxc8 Rxc8 28. a5
Rc6 29. g4 bxa5 30. g5 Nh5 31. Nxd5 Rc1+ 32. Kg2 Ne6 33. Rxa5 Rd1 34. Ne4 Rxd4
35. Ndf6+ Nxf6 36. Nxf6+ Kg7 37. Kg3 h6 38. Ne8+ Kh7 39. Nf6+ Kg7 40. Ne8+ Kh7
41. Nf6+ Kg7 1/2-1/2

[Event "NIC Classic KO 2021"]
[Site "chess24.com INT"]
[Date "2021.04.29"]
[Round "2.33"]
[White "Carlsen, Magnus"]
[Black "Aronian, Levon"]
[Result "1-0"]
[WhiteTitle "GM"]
[BlackTitle "GM"]
[WhiteElo "2847"]
[BlackElo "2781"]
[WhiteFideId "1503014"]
[BlackFideId "13300474"]
[EventDate "2021.04.27"]

1. d4 Nf6 2. c4 e6 3. Bf4 d5 4. Nc3 c5 5. Nf3 cxd4 6. Nxd4 Nbd7 7. Nf3 dxc4 8.
e3 a6 9. a4 Nd5 10. Bxc4 Nxf4 11. exf4 Qc7 12. Qd4 Be7 13. O-O Bf6 14. Qe4 O-O
15. Rac1 Qb6 16. b3 Qb4 17. Qe3 Rb8 18. Ne4 b5 19. axb5 axb5 20. Bd3 Bb7 21. Rc7
Bxe4 22. Bxe4 Rfd8 23. g3 Rbc8 24. Bxh7+ Kxh7 25. Rxc8 Rxc8 26. Qd3+ Kg8 27.
Qxd7 Rd8 28. Qc7 Qxb3 29. Ne5 Rf8 30. Nd7 Ra8 31. Qb7 Rd8 32. Nxf6+ gxf6 33. Qe7
Rd1 34. Qxf6 Rxf1+ 35. Kxf1 Qd3+ 36. Ke1 Qe4+ 37. Kd2 Qd5+ 38. Kc3 Qc4+ 39. Kb2
Qb4+ 40. Kc2 Qc5+ 41. Qc3 Qxf2+ 42. Qd2 Qxd2+ 43. Kxd2 f6 44. Kc3 e5 45. fxe5
fxe5 46. Kb4 1-0

[Event "NIC Classic KO 2021"]
[Site "chess24.com INT"]
[Date "2021.04.29"]
[Round "2.11"]
[White "Aronian, Levon"]
[Black "Carlsen, Magnus"]
[Result "1-0"]
[WhiteTitle "GM"]
[BlackTitle "GM"]
[WhiteElo "2781"]
[BlackElo "2847"]
[WhiteFideId "13300474"]
[BlackFideId "1503014"]
[EventDate "2021.04.27"]

1. d4 Nf6 2. Nf3 e6 3. Bf4 b6 4. e3 Bb7 5. Bd3 Be7 6. h3 c5 7. c3 cxd4 8. exd4
O-O 9. O-O d6 10. Re1 Nbd7 11. a4 a6 12. Bg3 Re8 13. Na3 Bf8 14. Nc4 Qc7 15.
Nfd2 b5 16. Na3 bxa4 17. Qxa4 Bc6 18. Qc2 Qb7 19. Nac4 Qc7 20. Na5 Ra7 21. Nxc6
Qxc6 22. b4 Rc8 23. c4 e5 24. dxe5 Nxe5 25. Bf1 Rb7 26. Qb3 Rcb8 27. b5 axb5 28.
cxb5 Qb6 29. Nc4 Nxc4 30. Bxc4 Rc8 31. Ra6 Qc5 32. Bd3 d5 33. Bf4 Ne4 34. Be3 d4
35. Bf4 Nc3 36. Re5 Qb4 37. Qxb4 Bxb4 38. g4 g6 39. Kg2 Rcb8 40. Re1 Rd8 41. Bg5
Rdb8 42. Bf4 Rd8 43. Re5 Rdb8 44. Rc6 Nxb5 45. Rd5 Na7 46. Rc1 Re8 47. Rb1 Rb6
48. Bc7 Rc6 49. Rd7 Re7 50. Rd8+ Kg7 51. Bf4 Ba5 52. Ra8 Rc8 53. Rbb8 Rxb8 54.
Bxb8 Bb6 55. Bd6 Rd7 56. Bf8+ Kf6 57. Rb8 Ba5 58. Re8 Bc7 59. h4 g5 60. Bf5 Rd5
61. Be7+ Ke5 62. Bc5+ Kf6 63. hxg5+ Kxg5 64. Bxa7 d3 65. Be3+ Kf6 66. Bd2 h5 67.
Be4 Rb5 68. g5+ 1-0

[Event "NIC Classic KO 2021"]
[Site "chess24.com INT"]
[Date "2021.04.30"]
[Round "2.21"]
[White "Aronian, Levon"]
[Black "Carlsen, Magnus"]
[Result "1/2-1/2"]
[WhiteTitle "GM"]
[BlackTitle "GM"]
[WhiteElo "2781"]
[BlackElo "2847"]
[WhiteFideId "13300474"]
[BlackFideId "1503014"]
[EventDate "2021.04.27"]

1. d4 Nf6 2. Nf3 d5 3. Bf4 Bf5 4. c4 e6 5. Qb3 dxc4 6. Qxb7 Be4 7. Qxc7 Bb4+ 8.
Nbd2 Qxc7 9. Bxc7 Ke7 10. e3 Rc8 11. Bg3 Bd5 12. Rc1 Nbd7 13. Ke2 c3 14. bxc3
Bxc3 15. Kd1 a5 16. Bd3 Bxa2 17. Rc2 Bd5 18. e4 Bb7 19. Ke2 Bb4 20. Rhc1 Rxc2
21. Rxc2 Rc8 22. Rxc8 Bxc8 23. Bb5 Bb7 24. Kd3 Kd8 25. Ng5 Bxd2 26. Nxf7+ Ke7
27. Nd6 Bxe4+ 28. Nxe4 Nxe4 29. Kxe4 Bb4 30. Bh4+ Nf6+ 31. Kd3 Bd6 32. h3 h6 33.
Bxf6+ Kxf6 34. Ke4 g5 35. g4 Bc7 36. f3 Bb6 37. Ba4 Ke7 38. Bb3 Kd6 39. Ba4 Bd8 1/2-1/2

[Event "NIC Classic KO 2021"]
[Site "chess24.com INT"]
[Date "2021.04.30"]
[Round "2.23"]
[White "Aronian, Levon"]
[Black "Carlsen, Magnus"]
[Result "0-1"]
[WhiteTitle "GM"]
[BlackTitle "GM"]
[WhiteElo "2781"]
[BlackElo "2847"]
[WhiteFideId "13300474"]
[BlackFideId "1503014"]
[EventDate "2021.04.27"]

1. d4 Nf6 2. Nf3 d5 3. Bf4 e6 4. e3 Bd6 5. Nbd2 b6 6. Bg3 O-O 7. Bd3 Ba6 8. Rc1
Bxd3 9. cxd3 c5 10. Qa4 Be7 11. O-O Qd7 12. Qxd7 Nbxd7 13. Rc2 a5 14. a4 Nb8 15.
Ra1 Nc6 16. Kf1 Rfc8 17. Ke2 Nd7 18. Nb3 h5 19. h4 f6 20. dxc5 bxc5 21. d4 Nb4
22. Rc3 Kf7 23. dxc5 e5 24. Nfd2 Ke6 25. f4 Nc6 26. fxe5 fxe5 27. Nf3 Rcb8 28.
Rb1 Rb4 29. Nbd2 Rxa4 30. e4 d4 31. Rc4 Ra2 32. b3 Rb8 33. Kd1 Rb5 34. Rbc1 Rxc5
35. R1c2 Ra1+ 36. Rc1 Ra2 37. R1c2 Ra3 38. Ng5+ Kf6 39. Ngf3 Rxc4 40. Rxc4 Nc5
41. Kc2 Ra1 42. Kb2 Rh1 43. b4 Nd3+ 44. Kb3 Ndxb4 45. Ka4 Ke6 46. Kb5 a4 47.
Rxc6+ Nxc6 48. Kxc6 Rc1+ 49. Kb5 a3 50. Bxe5 Rc5+ 51. Ka4 Rxe5 52. Nxe5 a2 0-1

[Event "NIC Classic KO 2021"]
[Site "chess24.com INT"]
[Date "2021.04.30"]
[Round "2.24"]
[White "Carlsen, Magnus"]
[Black "Aronian, Levon"]
[Result "1-0"]
[WhiteTitle "GM"]
[BlackTitle "GM"]
[WhiteElo "2847"]
[BlackElo "2781"]
[WhiteFideId "1503014"]
[BlackFideId "13300474"]
[EventDate "2021.04.27"]

1. e4 c5 2. Nf3 d6 3. Bb5+ Nc6 4. O-O Bd7 5. Re1 e5 6. c3 g5 7. d4 g4 8. Nfd2
exd4 9. Na3 Qf6 10. cxd4 cxd4 11. e5 dxe5 12. Nac4 O-O-O 13. Bxc6 Bxc6 14. Nxe5
Bd5 15. Qxg4+ Qe6 16. Qxe6+ Bxe6 17. Ndf3 Bb4 18. Rd1 Rd5 19. Bf4 Bc5 20. Rac1
Kd8 21. Nxf7+ Bxf7 22. Be5 Ne7 23. Bxh8 Nc6 24. Rxc5 Rxc5 25. Nxd4 Kc7 26. Nxc6
Kxc6 27. a3 Rd5 28. Rxd5 Kxd5 29. f3 Kc4 30. Kf2 Kd3 31. Bc3 b5 32. g4 a6 33.
Kg3 Ke3 34. f4 Ke4 35. f5 h5 36. h3 hxg4 37. hxg4 1-0

[Event "NIC Classic KO 2021"]
[Site "chess24.com INT"]
[Date "2021.05.01"]
[Round "3.11"]
[White "Mamedyarov, Shakhriyar"]
[Black "Aronian, Levon"]
[Result "0-1"]
[WhiteTitle "GM"]
[BlackTitle "GM"]
[WhiteElo "2770"]
[BlackElo "2781"]
[WhiteFideId "13401319"]
[BlackFideId "13300474"]
[EventDate "2021.04.27"]

1. d4 Nf6 2. c4 e6 3. Nf3 d5 4. Nc3 Bb4 5. Bg5 dxc4 6. e4 c5 7. Bxc4 cxd4 8.
Nxd4 Qa5 9. Bxf6 Bxc3+ 10. bxc3 Qxc3+ 11. Kf1 gxf6 12. Rc1 Qa5 13. Qf3 Ke7 14.
a4 Qxa4 15. e5 fxe5 16. Qh5 Nc6 17. Qg5+ Kf8 18. Nf5 Rg8 19. Qh6+ Ke8 20. Qf6
Qb4 21. h4 Rg6 22. Qh8+ Qf8 23. Qxh7 exf5 24. h5 Rh6 0-1